000 00302nam a2200121Ia 4500
005 20251222140052.0
008 251222s1900||||xx |||||||||||||| ||spa||
082 _a142.7/F96
100 _aFunke, Gerhard
245 0 _aInvestigaciones Fenomenológico Trascendentales
264 _bU.N.M.S.M
942 _cLIB
999 _c3640
_d3640